The study of new social movements in Latin America and the question of autonomy /
Сохранить в:
| Главный автор: | |
|---|---|
| Формат: | Текст |
| Метки: |
Добавить метку
Нет меток, Требуется 1-ая метка записи!
|
MARC
| LEADER | 00000 a a2200000 04500 | ||
|---|---|---|---|
| 001 | 42868 | ||
| 003 | |||
| 040 | |||
| 100 | |a Hellman, Judith Adler | ||
| 245 | |a The study of new social movements in Latin America and the question of autonomy / |c Judith Adler Hellman | ||
| 773 | |g páginas 52-61 | ||
| 999 | |c 24153 |d 24153 | ||
